| 000 | 00532nam a22001817a 4500 | ||
|---|---|---|---|
| 999 |
_c2782 _d2782 |
||
| 003 | URS | ||
| 005 | 20220114142255.0 | ||
| 008 | 200302s2002 |||| |||| 00| 0 eng d | ||
| 020 | _a0743202759 | ||
| 040 |
_cURS _beng _drda |
||
| 050 | 1 | 4 |
_aE 178.6 _b.A496 2002 |
| 100 | 1 | _aAmbrose, Stephen | |
| 245 | 1 | 3 |
_aTo america: _b personal reflections of an historian/ _cStephen E. Ambrose |
| 260 |
_aNew York: _bSimon & Schuster; _c[2002] |
||
| 300 |
_axvi, 265 pages; _c24 cm. |
||
| 650 | _aHistorian-united states-biography | ||
| 942 |
_2lcc _cFR |
||